000 00759nam a2200193 a 4500
008 060612s2005 ||||||||||||||||| || u
050 _aIBRD(08)PRWP/3783
100 _aMckenzie, David J
245 1 0 _aPaper walls are easier to tear down
246 _apassport costs and legal barriers to emigration
260 _aWashington, D. C
_bWorld Bank
_c2005
300 _a23p.ill.
350 _a0.00
490 _aWorld Bank policy research working papers
650 0 _aAFRICA--ECONOMIC CONDITIONS
650 _aLEGAL BARRIERS--RESEARCH
650 _aMIGRATION POLICIES--RESEARCH
995 _D0.00
_FCBU-MAIN LIBRARY (Kitwe)
_H1
_I0.00
_M1
_UAVAILABLE
_WJun 12, 2006
_ZInternational Publications
999 _c53101
_d53101